| 000 | 00916nam1a22002531i 4500 | ||
|---|---|---|---|
| 001 | v19\rc\1628848 | ||
| 005 | 20260406183222.0 | ||
| 035 | _a(NLR Aleph) 004744709 | ||
| 090 |
_a4509258 _c4509258 |
||
| 100 | _a20061002d18991916|||y0rusy50 ca | ||
| 101 | 0 | _arus | |
| 102 | _aRU | ||
| 105 | _ay z ||||| | ||
| 200 | 1 | _aОтчет Правления Общества взаимопомощи имени тайного советника К.В. Кедрова... | |
| 210 |
_aПетроград _d[1899]-[1916] |
||
| 215 | _d21 | ||
| 309 | _aБез тит. л. и обл. | ||
| 710 | 0 | 2 |
_aОбщество взаимопомощи им. К. В. Кедрова _cПетербург _9392252 _3RU\NLR\AUTH\889948326 |
| 801 | 0 |
_aRU _bNLR _gpsbo |
|
| 801 | 0 |
_aRU _bRuMoRGB _2psbo |
|
| 801 | 1 |
_aRU _bProSoft-M _2rusmarc |
|
| 852 |
_aNLR (1898-1915) _jШифры разные |
||
| 899 |
_aRuMoRGB (1898-1915) _jS 39/319 |
||
| 942 | _cBOOK | ||